000 00590nam a2200217 a 4500
005 20140310183624.0
008 120910s19uu xx 00 eng d
020 _a9780132088473
050 _aQA 76.9.D3
_b.K736 2011
100 _aKroenke, David
245 _aDatabase concepts /
_cDavid M. Kroenke.
250 _a5th ed.
260 _aBoston, MA :
_bPrentice Hall,
_c2011.
300 _a480 p. :
_bcol. ill. ;
_c28 cm.
521 _aIT
650 _aDatabase management
650 _aRelational databases
700 _aAuer, David J.
942 _cBK
_2lcc
_kFOR
999 _c25488
_d25488